Rugby League Positions - Statistics

General Stats
  • This quiz has been taken 61 times
  • The average score is 7 of 9
Answer Stats
Number Position % Correct
1 Fullback
96%
8 & 10 Prop
94%
2 & 5 Wing
92%
9 Hooker
91%
3 & 4 Centre
85%
7 Halfback
75%
13 Lock
66%
11 & 12 Second Row
64%
6 Five Eighth
42%
No matching quizzes found
Score Distribution
Percent of People with Each Score
Percentile by Number Answered
Your Score History
You have not taken this quiz